ՀՀ Գիտությունների ազգային ակադեմիայի հիմնարար գիտական գրադարան  =   Fundamental Scientific Library of NAS RA

Мертвые остаются молодыми : (Record no. 476320)

MARC details
000 -LEADER
fixed length control field 00985nam a2200241 a 4500
001 - CONTROL NUMBER
control field 000118357
003 - CONTROL NUMBER IDENTIFIER
control field AM-YeHGA
005 - DATE AND TIME OF LATEST TRANSACTION
control field 20250618075601.0
008 - FIXED-LENGTH DATA ELEMENTS--GENERAL INFORMATION
fixed length control field 030329s1951 ||||||||||||||||||||rus|c
040 ## - CATALOGING SOURCE
Original cataloging agency AM-YeHGA
090 ## - LOCALLY ASSIGNED LC-TYPE CALL NUMBER (OCLC); LOCAL CALL NUMBER (RLIN)
-- 479611
100 1# - MAIN ENTRY--PERSONAL NAME
Personal name Зегерс, Анна
245 10 - TITLE STATEMENT
Title Мертвые остаются молодыми :
Remainder of title Роман : Пер. с нем. /
Statement of responsibility, etc. Зегерс, Анна ; Пер. Н. Касаткиной и В. Станевич ; Под ред. и с предисл. Вс. Розанова.
246 1# - VARYING FORM OF TITLE
Title proper/short title Die Toten bleiben Jung
260 ## - PUBLICATION, DISTRIBUTION, ETC.
Place of publication, distribution, etc. Москва :
Name of publisher, distributor, etc. Изд-во иностр. лит,
Date of publication, distribution, etc. 1951.
300 ## - PHYSICAL DESCRIPTION
Extent 589 с.
650 14 - SUBJECT ADDED ENTRY--TOPICAL TERM
Topical term or geographic name entry element Գերմանական գրականություն
9 (RLIN) 5149
653 0# - INDEX TERM--UNCONTROLLED
Uncontrolled term Германия, 20 в. (х.л.)
700 1# - ADDED ENTRY--PERSONAL NAME
Personal name Касаткина, Н.
Relator term пер.
Relationship trl
700 1# - ADDED ENTRY--PERSONAL NAME
Personal name Станевич, В.
Relator term пер.
Relationship trl
700 1# - ADDED ENTRY--PERSONAL NAME
Personal name Розанов, Вс.
Relator term авт. предисл.
-- ред.
Relationship aui
-- edt
942 ## - ADDED ENTRY ELEMENTS (KOHA)
Source of classification or shelving scheme Universal Decimal Classification
Koha item type Գրքեր / Books
Holdings
Withdrawn status Lost status Source of classification or shelving scheme Damaged status Not for loan Collection Home library Current library Date acquired Total checkouts Full call number Barcode Date last seen Price effective from Koha item type Public note
    Universal Decimal Classification     General Fundamental Scientific Library Fundamental Scientific Library 08/10/2018   РД II/8936 FL0524113 08/10/2018 08/10/2018 Գրքեր / Books 30 Days Loan


ՀՀ ԳԱԱ հիմնարար գիտական գրադարան
ՀՀ,Երևան 0019
Մարշալ Բաղրամյան 24/6
հեռախոս:(374-10) 52-47-50
Հետադարձ կապ

All site content, except where otherwise noted, is licensed under a
Creative Commons License